Statistiques concernant Touches sur une manette de PS4

Cliquez ici pour prendre le quiz!

Statistiques générales

  • Ce quiz a été pris 85 fois
  • Le résultat moyen est 13 sur 15

Statistiques - réponses

Position sur la manette Touche % Correct
DroiteRond
97%
DroiteCarré
97%
DroiteCroix
97%
HautR2
97%
HautL1
96%
HautL2
96%
HautR1
96%
DroiteTriangle
95%
DroiteR3 / Joystick droit
94%
GaucheL3 / Joystick gauche
94%
GaucheTouches directionelles (haut, bas, droite, gauche)
87%
CentrePS
69%
CentrePavé tactile
55%
DroiteOptions
55%
GaucheShare
44%

Distribution des résultats

Percentile by Number Answered

% des personnes avec chaque résultat

Votre développement - résultats

Vous n’avez pas pris ce quiz